पेशीय गति विज्ञान / (Record no. 40805)

MARC details
000 -LEADER
fixed length control field 01117nam a22002417a 4500
005 - DATE AND TIME OF LATEST TRANSACTION
control field 20100810162957.0
010 ## - LCCN (DPL NO)
LC control number HIN-90271
020 ## - INTERNATIONAL STANDARD BOOK NUMBER
Terms of availability 495.00
International Standard Book Number 9788178795683
035 ## - SYSTEM CONTROL NUMBER
System control number HN-62617
037 ## - SOURCE OF ACQUISITION
Source of stock number/acquisition DBAD / PUB
082 ## - DEWEY DECIMAL CLASSIFICATION NUMBER
Classification number 617.102 7
100 ## - MAIN ENTRY--PERSONAL NAME
Personal name अमतरे, के. एस.
245 ## - TITLE STATEMENT
Title पेशीय गति विज्ञान /
Statement of responsibility, etc के. एस. अमतरे
246 ## - VARYING FORM OF TITLE
Title proper/short title Pashiya Gati Vigyan
Remainder of title by K. S. Amtare
260 ## - PUBLICATION, DISTRIBUTION, ETC. (IMPRINT)
Place of publication, distribution, etc नई दिल्ली
Name of publisher, distributor, etc स्पोर्टस पब्लिकेशन्स
Date of publication, distribution, etc 2010
270 ## - ADDRESS
Address 7/26, ग्राउण्ड फ्लोर, असारी रोड़, दरियागंज
City नई दिल्ली
Postal code 110002
Telephone number 011-65749511
Fax number 011-23240261
Electronic mail address lakshaythani@hotmail.com
300 ## - PHYSICAL DESCRIPTION
Extent 260पृ
Dimensions 22सेमी (सजिल्द)
700 ## - ADDED ENTRY--PERSONAL NAME
9 (RLIN) 7228
700 ## - ADDED ENTRY--PERSONAL NAME
9 (RLIN) 7267
700 ## - ADDED ENTRY--PERSONAL NAME
9 (RLIN) 7698
942 ## - ADDED ENTRY ELEMENTS (KOHA)
Institution code [OBSOLETE] dpl
Item type Hindi Books
Call number prefix
Source of classification or shelving scheme Dewey Decimal Classification
Call number suffix अमत
Classification part 617.102 7
Holdings
Withdrawn status Lost status Not for loan Collection code Home library Current library Date acquired Source of acquisition Cost, normal purchase price Full call number Barcode Copy number Cost, replacement price Koha item type
    Not For Loan Non-fiction D.B.Act.Division D.B.Act.Division 10/08/2010 DBAD / PUB 495.00 617.102 7 अमत HN-62617 1 495.00 Hindi Books

© Delhi Public Library
Hit Counter
free hit counter